The Famous Five: Five go Adventuring Again (Record no. 719)

MARC details
000 -LEADER
fixed length control field 00319nam a2200109 4500
008 - FIXED-LENGTH DATA ELEMENTS--GENERAL INFORMATION
fixed length control field 160624b xxu||||| |||| 00| 0 eng d
100 ## - MAIN ENTRY--PERSONAL NAME
9 (RLIN) 906
Personal name Blyton, G
245 ## - TITLE STATEMENT
Title The Famous Five: Five go Adventuring Again
260 ## - PUBLICATION, DISTRIBUTION, ETC. (IMPRINT)
Place of publication, distribution, etc. Lon
Name of publisher, distributor, etc. Knight Book
Date of publication, distribution, etc. 1974
300 ## - PHYSICAL DESCRIPTION
Extent The Famous Five: Five go Adventuring Again
942 ## - ADDED ENTRY ELEMENTS (KOHA)
Source of classification or shelving scheme Dewey Decimal Classification
Koha item type BOOK
Holdings
Withdrawn status Lost status Source of classification or shelving scheme Damaged status Not for loan Home library Current library Shelving location Date acquired Total Checkouts Full call number Barcode Date last seen Price effective from Koha item type
    Dewey Decimal Classification     Good Samaritan School Library Good Samaritan School Library FICTION 06/24/2016   823 BLY1441 06/24/2016 06/24/2016 BOOK

Powered by Koha